000 00379 a2200169 4500
001 182560
020 _a978-85-359-2189-2
040 _cMagnum
100 _aGaarder, Jostein
240 1 0 _aO mundo de Sofia
_lpor
245 1 0 _aO mundo de Sofia
300 _a566
362 0 _a2012
440 1 _aCompanhia das Letras
697 _aLITERATURA GERAL ESTRANGEIRA
942 _cBK
999 _c182560
_d182560